Dead Guys In Jurassic Park by What They Said - Statistics

General Stats
  • This quiz has been taken 587 times
  • The average score is 6 of 11
Answer Stats
Hint Answer % Correct
JP1 ''Clever Girl' Robert Muldoon
94%
JP1 'Ah, Ah, Ah, you forgot to say the magic word' Dennis Nedry
89%
JP1 'Hold on to your butts' John Arnold
77%
JP1 'We're going to make a fortune off of this place' Donald Gennaro
51%
JP2 'High Hide' Eddie Carr
41%
JP3 'We have a landing strip ahead' M.B Nash
38%
JP2 'Careful this suit cost more than your education' Peter Ludlow
38%
JP3 'We met through Church' Cooper
37%
JP3 'We look for your son in the direction they're headed' Udesky
36%
JP2 'Carter, I'm going to the ladies room' Dieter Stark
34%
JP2 'Snake, Snake, ahh' Robert Burke
25%
No matching quizzes found
Score Distribution
Percent of People with Each Score
Percentile by Number Answered
Your Score History
You have not taken this quiz